The speedy sparrow / (Record no. 8149)

MARC details
000 -LEADER
fixed length control field 01213nam a22003137a 4500
001 - CONTROL NUMBER
control field 8149
003 - CONTROL NUMBER IDENTIFIER
control field FISKH
005 - DATE AND TIME OF LATEST TRANSACTION
control field 20260429091247.0
008 - FIXED-LENGTH DATA ELEMENTS--GENERAL INFORMATION
fixed length control field 250828b cb ||||| |||| 00| 0 eng d
020 ## - INTERNATIONAL STANDARD BOOK NUMBER
International Standard Book Number 9780462003153
040 ## - CATALOGING SOURCE
Original cataloging agency FISKH
Language of cataloging eng
Transcribing agency FISKH
Modifying agency FISKH
050 ## - LIBRARY OF CONGRESS CALL NUMBER
Classification number PZ7
082 ## - DEWEY DECIMAL CLASSIFICATION NUMBER
Classification number 372.4
100 ## - MAIN ENTRY--PERSONAL NAME
Personal name Biggs, Mitchell
245 ## - TITLE STATEMENT
Title The speedy sparrow /
Statement of responsibility, etc. Written by Michell Biggs : Illustrated by Robert Roenndeldt
250 ## - EDITION STATEMENT
Edition statement First published 2008
260 ## - PUBLICATION, DISTRIBUTION, ETC.
Place of publication, distribution, etc. London :
Name of publisher, distributor, etc. Marshall Cavendish Education ,
Date of publication, distribution, etc. 2008.
300 ## - PHYSICAL DESCRIPTION
Extent 16 pages :
Other physical details color illustrations ;
Dimensions 16 x 19 cm
490 ## - SERIES STATEMENT
Series statement My pals are here ! Reading stars :
Materials specified 12a
505 ## - FORMATTED CONTENTS NOTE
Formatted contents note F <br/>
520 ## - SUMMARY, ETC.
Summary, etc. The speedy sparrow, Betty bee's lunch, Puppet pets , Where does Mr Black live? , Granny's lost glasses , Duck school, Lucy little crane , Where is lion ? , Out and about ? , Duck school, The olympians , Fish soup , The greedy goats , a trip to the zoo, Lenny and the comet
521 8# - TARGET AUDIENCE NOTE
Target audience note 500<br/>
Source Lexile estimate <br/>
521 8# - TARGET AUDIENCE NOTE
Target audience note J<br/>
Source Raz-Plus <br/>
650 ## - SUBJECT ADDED ENTRY--TOPICAL TERM
Topical term or geographic name entry element Narative
Form subdivision Fantasy animals
650 ## - SUBJECT ADDED ENTRY--TOPICAL TERM
Topical term or geographic name entry element Moderate picture
Form subdivision Vocabulary
700 ## - ADDED ENTRY--PERSONAL NAME
Personal name Roennfeldt, Robert
Relator term Illustrator
942 ## - ADDED ENTRY ELEMENTS (KOHA)
Source of classification or shelving scheme Dewey Decimal Classification
Koha item type Books
Suppress in OPAC No
Holdings
Withdrawn status Lost status Source of classification or shelving scheme Damaged status Not for loan Collection Home library Current library Shelving location Date acquired Total Checkouts Full call number Barcode Date last seen Copy number Price effective from Koha item type
    Dewey Decimal Classification     Juvenile Fiction Footprints International School Library Network Toul Tom Poung Campus Footprints International School Library Network Toul Tom Poung Campus TTP Primary Dark Blue Bookshelves 04/29/2026   BIG 372.4 PZ7 FISTK03304 04/29/2026 1 04/29/2026 Books